| 000 | 00609nam a22001817a 4500 | ||
|---|---|---|---|
| 005 | 20260428170041.0 | ||
| 008 | 260428b |||||||| |||| 00| 0 eng d | ||
| 020 |
_a9780792385127 _qhbk |
||
| 041 | _aeng | ||
| 082 | _a343.730994 CHE | ||
| 100 | _aCherry,Barbara A. | ||
| 245 |
_aThe Crisis in Telecommunications Carrier Liability _bHistorical Regulatory Flaws and Recommended Reform _cBarbara A. Cherry |
||
| 260 |
_aUnited States of America _bKluwer Academic Publishers _c1999 |
||
| 300 |
_a131p. : _c20cm. |
||
| 504 | _aBib and Ref | ||
| 650 | _aMilitary, tax, trade & industrial law | ||
| 942 | _cENGLISH | ||
| 999 |
_c621296 _d621296 |
||